Album
| Hlavní autor: | Elefteriadu, Martha, 1946- |
|---|---|
| Další autoři: | DJ Uwa |
| Jazyk: | Španělština Čeština Angličtina |
| Vydáno: |
Praha : Praha, Popron Tra :Universal Music ; p2002 |
| Témata: | |
| Fyzický popis: |
1 zvuková kazeta (60:56) : analog + 1 leták (10 x 14 cm) |
| LEADER | 01374njm a2200349 a 4500 | ||
|---|---|---|---|
| 001 | 000603024 | ||
| 003 | CZ BrMZK | ||
| 005 | 20040319090626.0 | ||
| 007 | ss lsnjlcmpnzu | ||
| 008 | 020528s2002 xr pp f cze d | ||
| 028 | 0 | 1 | |a 013 676-4 |b Popron Traxx |
| 040 | |a BOA001 |b cze | ||
| 041 | 0 | |a cze |a eng |a spa | |
| 047 | |a pp | ||
| 080 | |a 785.16 |2 MRF | ||
| 080 | |a (086.7) |2 MRF | ||
| 100 | 1 | |a Elefteriadu, Martha, |d 1946- |7 jn19981000963 |4 prf | |
| 245 | 1 | 0 | |a Album |h [zvukový záznam] |
| 246 | 3 | 3 | |a Tři plus jedna |
| 260 | |a Praha : |b Popron Tra : |b Universal Music ; |a Praha, |c p2002 | ||
| 300 | |a 1 zvuková kazeta (60:56) : |b analog + |e 1 leták (10 x 14 cm) | ||
| 306 | |a 010056 | ||
| 500 | |a Nahráno v srpnu až říjnu 2001 v Digital studiu | ||
| 500 | |a Vydáno také na kompaktní desce s objednacím číslem 013 676-2 | ||
| 505 | 0 | 0 | |t Intro -- |t Mexico -- |t Bláznivý léto -- |t Šéfové -- |t Bejby, dej mi! -- |t Vánoce, po roce -- |t 3 + 1 -- |t Pekelnej mejdan -- |t Tvý tělo -- |t Holky bláznivý -- |t Mít svůj styl -- |t Hej DJ -- |t Bude zas OK -- |t Oléo, Oléo |
| 511 | 0 | |a Martha feat. Uwa dj. | |
| 650 | 0 | 7 | |a taneční hudba |7 ph126436 |y 2001-2010 |2 czenas |
| 655 | 4 | |a populární hudba | |
| 700 | 0 | |a DJ Uwa |4 prf | |
| 910 | |a BOA001 |b KZ-0010.451 | ||
| 990 | |a AV | ||
| 996 | 6 | |b 261H011380 |c KZ-0010.451 |l MZK |r Sklad / do 24 hodin |n 0 |w 000603024 |u 000010 |a 1 |e BOA001 |j MZK50 |s P | |
English
Čeština 